Normal view
MARC view
- Wind turbines
Entry Topical Term
001 - CONTROL NUMBER
- control field: 82355
003 - CONTROL NUMBER IDENTIFIER
- control field: NUST
005 - DATE AND TIME OF LATEST TRANSACTION
- control field: 20210909150751.0
008 - FIXED-LENGTH DATA ELEMENTS
- fixed length control field: 210909|| aca||aabn | a|a d
040 ## - CATALOGING SOURCE
- Original cataloging agency: NUST
- Transcribing agency: NUST
150 ## - HEADING--TOPICAL TERM
- Topical term or geographic name entry element: Wind turbines
- General subdivision: Technological innovations
- Geographic subdivision: United States
670 ## - SOURCE DATA FOUND
- Source citation: Work cat.: (NUST)33014: Nelson, Vaughn 3445, Wind Energy:Renewable Energy and The Environment /, [2009]
